| 000 | 00291 a2200121 4500 | ||
|---|---|---|---|
| 999 |
_c328327 _d328327 |
||
| 001 | 93254 | ||
| 003 | NUST | ||
| 005 | 20180120130401.0 | ||
| 008 | 180120b xxu||||| |||| 00| 0 eng d | ||
| 082 | _a920.355/HAS | ||
| 100 |
_aHassan Ali Agarya _99190 |
||
| 245 |
_aNishan-e-Haider _hUrdu |
||
| 260 |
_aKarachi _bMuhafiz Publications _c2016 |
||
| 300 | _a322p. | ||
| 942 |
_aCAE NUST _cBK _k920.355/HAS _2ddc |
||